[Event "Sparkassen-Open A"]
[Site "Heusenstamm, Martinsee"]
[Date "2025.11.22"]
[Round "5.36"]
[White "Mukazhanov, Mansur"]
[Black "Windmüller, Simon"]
[Result "1/2-1/2"]
[WhiteElo "2007"]
[BlackElo "2137"]
[PlyCount "68"]
[EventDate "2025.11.20"]
[WhiteTeam "SG Trier 1877 e.V."]
[BlackTeam "SV 1926 Riegelsberg"]

1. e4 e5 2. Nf3 d6 3. d4 exd4 4. Nxd4 Nf6 5. Nc3 Be7 6. Be2 O-O 7. O-O Re8 8. Bf4 Nc6 9. Nxc6 bxc6 10. e5 dxe5 11. Bxe5 Bd6 12. Bg3 Rb8 13. b3 Bf5 14. Bf3 Qd7 15. Na4 Ne4 16. Bxd6 cxd6 17. c4 Rbd8 18. Bxe4 Rxe4 19. Re1 Rde8 20. Rxe4 Rxe4 21. Qd2 Qe7 22. Nc3 Re6 23. Rd1 h6 24. f3 Qh4 25. g3 Qe7 26. Kf2 g5 27. Re1 Qf6 28. Rxe6 fxe6 29. Qe3 d5 30. Ne2 g4 31. f4 Qa1 32. Qxa7 Qh1 33. Qa8+ Kh7 34. Qxc6 Qf3+ 1/2-1/2

[Event "Sparkassen-Open A"]
[Site "Heusenstamm, Martinsee"]
[Date "2025.11.22"]
[Round "5.37"]
[White "Steinbrenner, Peter"]
[Black "Tran, Duc Cuong"]
[Result "1/2-1/2"]
[WhiteElo "2005"]
[BlackElo "2109"]
[PlyCount "56"]
[EventDate "2025.11.20"]
[WhiteTeam "SK Kaiserslautern 1905"]
[BlackTeam "LSV Turm Lippstadt"]

1. d4 d5 2. Nc3 Nf6 3. Bf4 c5 4. e3 cxd4 5. exd4 Bg4 6. Be2 Bxe2 7. Qxe2 a6 8. Nf3 Nc6 9. O-O e6 10. Nb1 Bd6 11. Bxd6 Qxd6 12. c3 Qc7 13. Nbd2 O-O 14. Rfe1 Rfc8 15. Ne5 Nxe5 16. dxe5 Nd7 17. Nf3 Qc4 18. Nd4 Qxe2 19. Rxe2 b5 20. a3 Rc7 21. Rd1 Rb8 22. f4 Nc5 23. f5 Re8 24. fxe6 fxe6 25. Rf1 Ne4 26. Re3 h6 27. Ref3 Rb7 28. Rd3 Nc5 1/2-1/2

[Event "Sparkassen-Open A"]
[Site "Heusenstamm, Martinsee"]
[Date "2025.11.22"]
[Round "5.38"]
[White "Heppert, Lars"]
[Black "Serbu, Daniel Elias"]
[Result "0-1"]
[WhiteElo "2001"]
[BlackElo "2109"]
[PlyCount "66"]
[EventDate "2025.11.20"]
[WhiteTeam "SK Neuburg"]
[BlackTeam "SAbt TuS Makkabi Ffm"]

1. d4 Nf6 2. c4 g6 3. Nf3 Bg7 4. g3 O-O 5. Bg2 c6 6. O-O d5 7. b3 Bf5 8. Nc3 Re8 9. Ne5 Qd6 10. cxd5 cxd5 11. Bf4 Qe6 12. Nb5 Qb6 13. Nc3 Qe6 14. Nb5 Na6 15. Re1 Rec8 16. Qd2 Rc2 17. Qa5 h6 18. Na3 Rcc8 19. h4 Nb8 20. Nb5 Na6 21. Rac1 Rxc1 22. Rxc1 Ng4 23. Nc7 Nxc7 24. Rxc7 Nxe5 25. dxe5 Bxe5 26. Bxd5 Bxc7 27. Bxc7 Qxe2 28. Bxb7 Be4 29. Bxe4 Qxe4 30. Qd2 Rc8 31. Bf4 Rc2 32. Qd7 Kh7 33. Be3 Rb2 0-1

[Event "Sparkassen-Open A"]
[Site "Heusenstamm, Martinsee"]
[Date "2025.11.22"]
[Round "5.39"]
[White "Poysti, Nathanael"]
[Black "Dolidze, David"]
[Result "1/2-1/2"]
[WhiteElo "2207"]
[BlackElo "1997"]
[PlyCount "114"]
[EventDate "2025.11.20"]
[WhiteTeam "Buenos Aires"]
[BlackTeam "SC Eschborn 1974"]

1. c4 Nf6 2. g3 g6 3. Bg2 Bg7 4. Nc3 O-O 5. d3 e5 6. e4 d6 7. Nge2 Nc6 8. O-O Ne7 9. h3 Nh5 10. Be3 f5 11. Qd2 Be6 12. exf5 gxf5 13. f4 c6 14. b3 Ng6 15. d4 e4 16. d5 cxd5 17. Nxd5 Bxa1 18. Rxa1 Nf6 19. Nxf6+ Qxf6 20. Rd1 Rfd8 21. Bd4 Qf7 22. Ba1 d5 23. c5 d4 24. Nxd4 Rd7 25. Qe3 Rad8 26. Rc1 Ne7 27. Bf1 Nd5 28. Qf2 Nc7 29. c6 Rxd4 30. Bxd4 bxc6 31. Ba1 Bd5 32. Qxa7 Ne6 33. Qf2 Ra8 34. Be5 e3 35. Qxe3 Rxa2 36. Ra1 Rxa1 37. Bxa1 Qe7 38. Bc4 Bxc4 39. bxc4 Qc5 40. Qxc5 Nxc5 41. g4 Nd3 42. gxf5 Nxf4 43. h4 Nd3 44. Kf1 Nc5 45. Ke2 Nd7 46. Ke3 Kf7 47. Bc3 Nf6 48. Kd4 Nd7 49. Ba5 Kf6 50. Ke4 Nc5+ 51. Kf4 Nd3+ 52. Ke3 Nc5 53. Bb4 Na6 54. Ba5 Nc5 55. Bb4 Na6 56. Ba3 Kxf5 57. Kd4 h5 1/2-1/2

[Event "Sparkassen-Open A"]
[Site "Heusenstamm, Martinsee"]
[Date "2025.11.22"]
[Round "5.40"]
[White "Müller, Maximilian"]
[Black "Derr, Oleg"]
[Result "1/2-1/2"]
[WhiteElo "1989"]
[BlackElo "2140"]
[PlyCount "77"]
[EventDate "2025.11.20"]
[WhiteTeam "SVG Saarbrücken 1970 e.V."]
[BlackTeam "VSG 1880 Offenbach"]

1. e4 c5 2. Nf3 Nc6 3. Bb5 d6 4. O-O Bd7 5. Re1 a6 6. Bf1 Bg4 7. c3 Nf6 8. h3 Bxf3 9. Qxf3 e6 10. d3 Be7 11. Be3 O-O 12. Nd2 d5 13. Nb3 d4 14. cxd4 cxd4 15. Bd2 Rc8 16. e5 Nd7 17. Qg3 Bh4 18. Qf4 h6 19. Nxd4 Ncxe5 20. Bc3 Bf6 21. Rad1 b5 22. Be2 Qb6 23. Nb3 Ng6 24. Qb4 Rfd8 25. Bf3 Nge5 26. Be4 Nc6 27. Bxc6 Rxc6 28. Na5 Rcc8 29. d4 Nb8 30. a4 Nc6 31. Nxc6 Rxc6 32. axb5 axb5 33. d5 exd5 34. Rxd5 Bxc3 35. Rxd8+ Qxd8 36. bxc3 Qf6 37. Re8+ Kh7 38. Qe4+ Qg6 39. Qe5 1/2-1/2

[Event "Sparkassen-Open A"]
[Site "Heusenstamm, Martinsee"]
[Date "2025.11.22"]
[Round "5.41"]
[White "Thomas, Ingo"]
[Black "Karpasyuk, Yevgen"]
[Result "1-0"]
[WhiteElo "2100"]
[BlackElo "1957"]
[PlyCount "69"]
[EventDate "2025.11.20"]
[WhiteTeam "Krefelder SK Turm 1851 e"]
[BlackTeam "SAbt TuS Makkabi Ffm"]

1. c4 e5 2. g3 g6 3. d4 exd4 4. Qxd4 Qf6 5. Nf3 Nc6 6. Qd1 Bg7 7. Nc3 Qd8 8. Nd5 Nf6 9. Bf4 d6 10. Bg2 Nxd5 11. cxd5 Ne5 12. Nd4 O-O 13. O-O Bd7 14. Rc1 g5 15. Bxe5 dxe5 16. Nb3 Ba4 17. Qd3 Bxb3 18. Qxb3 Rb8 19. Rc4 c6 20. dxc6 bxc6 21. Qc2 f5 22. Rxc6 e4 23. b3 Rc8 24. Rc1 Rxc6 25. Qxc6 g4 26. e3 Qb6 27. Bf1 Qxc6 28. Rxc6 Be5 29. h3 gxh3 30. Bxh3 Bb8 31. Rc5 f4 32. g4 Kg7 33. Bg2 Re8 34. Rc4 Kf6 35. Bxe4 1-0

[Event "Sparkassen-Open A"]
[Site "Heusenstamm, Martinsee"]
[Date "2025.11.22"]
[Round "5.43"]
[White "Müller, Mark"]
[Black "Musiienko, Platon"]
[Result "1/2-1/2"]
[WhiteElo "1995"]
[BlackElo "2107"]
[PlyCount "66"]
[EventDate "2025.11.20"]
[WhiteTeam "SC Königsflügel Lindenholzhausen"]
[BlackTeam "Wiesbadener SV 1885"]

1. e4 e5 2. Nf3 Nc6 3. Bb5 a6 4. Ba4 Nf6 5. O-O b5 6. Bb3 Bc5 7. c3 d6 8. d4 Bb6 9. Be3 exd4 10. cxd4 O-O 11. h3 Re8 12. Nbd2 Bb7 13. d5 Ne7 14. Bxb6 cxb6 15. Nd4 Ng6 16. Re1 Nd7 17. Qg4 Nde5 18. Qg3 Qf6 19. Nf5 Rac8 20. Rad1 h5 21. Nf3 a5 22. Nxe5 Rxe5 23. Rd2 h4 24. Qe3 Rc5 25. f4 Re8 26. Qd4 Qxd4+ 27. Rxd4 Rd8 28. Rf1 Bc8 29. Ne3 f6 30. Kh2 b4 31. Bc4 Kf7 32. Be2 b5 33. Bh5 Rh8 1/2-1/2

[Event "Sparkassen-Open A"]
[Site "Heusenstamm, Martinsee"]
[Date "2025.11.22"]
[Round "5.44"]
[White "Hilzinger, Markus"]
[Black "Bäumer, Frank"]
[Result "1-0"]
[WhiteElo "2102"]
[BlackElo "1974"]
[PlyCount "67"]
[EventDate "2025.11.20"]
[WhiteTeam "SC Pforzheim 1906"]
[BlackTeam "SV 1932 Caissa Homburg"]

1. c4 e5 2. Nc3 Nc6 3. Nf3 f5 4. d4 e4 5. Ng5 Be7 6. Nh3 Nf6 7. g3 d5 8. cxd5 Nxd5 9. Bg2 Bf6 10. O-O Nce7 11. Bg5 Be6 12. Bxf6 Nxf6 13. Ng5 Bg8 14. Rc1 Ned5 15. Qa4+ c6 16. a3 Nxc3 17. bxc3 Nd5 18. h4 h6 19. Nh3 b5 20. Qc2 Qe7 21. c4 bxc4 22. Qxc4 Rc8 23. Qa6 Be6 24. Rxc6 Rxc6 25. Qxc6+ Kf7 26. Rb1 Rc8 27. Qa6 Nb6 28. Nf4 Rc3 29. Nxe6 Rxa3 30. Nd8+ Ke8 31. Qb5+ Kxd8 32. Qxf5 e3 33. f4 Ra2 34. Rxb6 1-0

[Event "Sparkassen-Open A"]
[Site "Heusenstamm, Martinsee"]
[Date "2025.11.22"]
[Round "5.45"]
[White "Stein, Tobias"]
[Black "Longo, Massimo"]
[Result "0-1"]
[WhiteElo "1993"]
[BlackElo "2079"]
[PlyCount "52"]
[EventDate "2025.11.20"]
[WhiteTeam "SV Alsfeld"]
[BlackTeam "SK Gräfelfing"]

1. e4 e6 2. d4 d5 3. e5 c5 4. c3 Nc6 5. Nf3 Qb6 6. a3 c4 7. Nbd2 Na5 8. Be2 Bd7 9. O-O Ne7 10. Rb1 h6 11. b4 cxb3 12. c4 Ba4 13. c5 Qc7 14. Bb2 b6 15. Bc3 Nec6 16. Bb4 bxc5 17. dxc5 Rb8 18. Qc1 Nxb4 19. axb4 Rxb4 20. Qa3 Bxc5 21. Rfc1 Qb6 22. Rxc5 Qxc5 23. Rc1 Nc4 24. Bxc4 b2 25. Bb5+ Qxb5 26. Rc8+ Kd7 0-1

[Event "Sparkassen-Open A"]
[Site "Heusenstamm, Martinsee"]
[Date "2025.11.22"]
[Round "5.46"]
[White "Wenzel, Calvin"]
[Black "Wambach, Jürgen"]
[Result "1-0"]
[WhiteElo "2065"]
[BlackElo "1976"]
[PlyCount "88"]
[EventDate "2025.11.20"]
[WhiteTeam "SK 1980 Gernsheim"]
[BlackTeam "SK 1982 Klingenberg e.V."]

1. e4 d6 2. d4 Nf6 3. Nc3 Nbd7 4. Nf3 e5 5. Bc4 Be7 6. O-O c6 7. a4 Qc7 8. Re1 O-O 9. h3 b6 10. Qe2 a6 11. Be3 Bb7 12. Nh4 exd4 13. Bxd4 g6 14. Nf3 Ne5 15. Ba2 Nxf3+ 16. Qxf3 Nd7 17. Qf4 b5 18. b4 Ne5 19. axb5 axb5 20. Nd1 Qd8 21. Ne3 Bf6 22. Red1 Qe7 23. Qg3 Kh8 24. Ng4 Nxg4 25. hxg4 Bxd4 26. Rxd4 Qe5 27. Qxe5+ dxe5 28. Rdd1 Ra4 29. Bb3 Rxb4 30. Rd7 Bc8 31. Rc7 Rxe4 32. Ra8 Rxg4 33. Rcxc8 Rxc8 34. Rxc8+ Kg7 35. Rxc6 f6 36. Rc5 b4 37. Rc7+ Kh8 38. Rc8+ Kg7 39. Rc7+ Kf8 40. Kf1 Rd4 41. Rc4 Rxc4 42. Bxc4 Kg7 43. Ke2 Kf8 44. Kd3 Ke7 1-0

[Event "Sparkassen-Open A"]
[Site "Heusenstamm, Martinsee"]
[Date "2025.11.22"]
[Round "5.47"]
[White "Meuer, David"]
[Black "Stumpf, Daniel"]
[Result "1/2-1/2"]
[WhiteElo "2081"]
[BlackElo "1960"]
[PlyCount "51"]
[EventDate "2025.11.20"]
[WhiteTeam "TSV Schott Mainz"]
[BlackTeam "SC Schwarz-Weiß Lichtenrade e.V."]

1. e4 c5 2. c3 Nf6 3. e5 Nd5 4. d4 cxd4 5. Nf3 g6 6. cxd4 Bg7 7. Nc3 Nxc3 8. bxc3 d6 9. Bf4 dxe5 10. Nxe5 O-O 11. Bd3 Qa5 12. Qd2 Be6 13. O-O Rc8 14. Be4 Bd5 15. Bxd5 Qxd5 16. c4 Qd8 17. Qb2 b6 18. Rac1 Nc6 19. Nxc6 Rxc6 20. Qb5 Rac8 21. d5 Rc5 22. Qb3 Qd7 23. Be3 R5c7 24. Bf4 Rc5 25. Be3 R5c7 26. Bf4 1/2-1/2

[Event "Sparkassen-Open A"]
[Site "Heusenstamm, Martinsee"]
[Date "2025.11.22"]
[Round "5.48"]
[White "Steinle, Carsten"]
[Black "Shanawaz Thabrez, Shahzaib"]
[Result "1/2-1/2"]
[WhiteElo "2080"]
[BlackElo "1945"]
[PlyCount "28"]
[EventDate "2025.11.20"]
[WhiteTeam "Schachverein Ahlen 1954 e. V."]
[BlackTeam "SK Langen"]

1. Nf3 Nf6 2. g3 d5 3. Bg2 c5 4. O-O Nc6 5. d3 g6 6. Nbd2 Bg7 7. e4 e5 8. Re1 O-O 9. exd5 Nxd5 10. Nc4 Re8 11. a4 Bf5 12. Bg5 Qd7 13. Qd2 f6 14. Bh6 Bh3 1/2-1/2

[Event "Sparkassen-Open A"]
[Site "Heusenstamm, Martinsee"]
[Date "2025.11.22"]
[Round "5.49"]
[White "Pauls, Wilhelm"]
[Black "Wachsmann, Dietmar"]
[Result "0-1"]
[WhiteElo "1984"]
[BlackElo "2012"]
[PlyCount "130"]
[EventDate "2025.11.20"]
[WhiteTeam "SPORTGEM Kaarst 1912/35"]
[BlackTeam "SC Groß-Umstadt"]

1. e4 c5 2. Nf3 e6 3. d4 cxd4 4. Nxd4 Nf6 5. Nc3 Nc6 6. Ndb5 Bc5 7. Bf4 O-O 8. Be2 a6 9. Nd6 b5 10. a3 Qb6 11. O-O Nd4 12. e5 Bxd6 13. exd6 Nxe2+ 14. Qxe2 Bb7 15. Rad1 Qc6 16. f3 Rac8 17. Rd2 Qc5+ 18. Qe3 Qf5 19. Qe5 Qxe5 20. Bxe5 Nd5 21. Nxd5 Bxd5 22. f4 f6 23. Bc3 Rc6 24. f5 Ra8 25. fxe6 dxe6 26. a4 Rxd6 27. Ra1 Rdd8 28. Ba5 Rdc8 29. Bb6 Rc6 30. a5 b4 31. Ra4 Rac8 32. Rxb4 Rxc2 33. Rbd4 Rc1+ 34. Kf2 Kf7 35. b4 Rb1 36. Bc5 Rb3 37. Re2 Rc7 38. h4 Rb1 39. Rdd2 Bc4 40. Re1 Rxe1 41. Kxe1 Bb5 42. Rd8 Rd7 43. Rxd7+ Bxd7 44. Kf2 g6 45. Ke3 e5 46. g3 Ke6 47. Bf8 Bc6 48. Bc5 Kf5 49. Be7 Bb7 50. Bd8 h6 51. Be7 g5 52. h5 g4 53. Bf8 Kg5 54. Bg7 Bc6 55. Kd3 Bd5 56. Kc3 Bf7 57. b5 axb5 58. Kb4 Bxh5 59. a6 Bg6 60. a7 Be4 61. Kxb5 Kg6 62. Bh8 h5 63. Kc5 h4 64. gxh4 g3 65. h5+ Kxh5 0-1

[Event "Sparkassen-Open A"]
[Site "Heusenstamm, Martinsee"]
[Date "2025.11.22"]
[Round "5.50"]
[White "Paeslack, Luis"]
[Black "Fischermann, Simon"]
[Result "1/2-1/2"]
[WhiteElo "2054"]
[BlackElo "1916"]
[PlyCount "53"]
[EventDate "2025.11.20"]
[WhiteTeam "SC Aschaffenburg e.V."]
[BlackTeam "SG Porz e. V."]

1. d4 Nf6 2. Nf3 d5 3. e3 e6 4. Bd3 c5 5. b3 Nc6 6. Bb2 b6 7. O-O Bb7 8. a3 Be7 9. Ne5 Rc8 10. Nd2 cxd4 11. exd4 Nxe5 12. dxe5 Ne4 13. Nxe4 dxe4 14. Bb5+ Bc6 15. Bxc6+ Rxc6 16. Qe2 Qc7 17. c4 b5 18. Rac1 bxc4 19. bxc4 O-O 20. Qxe4 Rc8 21. Rfd1 Rxc4 22. Rxc4 Qxc4 23. Qxc4 Rxc4 24. Rd7 Bc5 25. Rd8+ Bf8 26. g3 g6 27. Ra8 1/2-1/2

[Event "Sparkassen-Open A"]
[Site "Heusenstamm, Martinsee"]
[Date "2025.11.22"]
[Round "5.51"]
[White "Blomer, Moritz"]
[Black "Sreeramulu, Aarush"]
[Result "0-1"]
[WhiteElo "1962"]
[BlackElo "2064"]
[PlyCount "88"]
[EventDate "2025.11.20"]
[WhiteTeam "SG Porz e. V."]
[BlackTeam "SK Marburg 1931/72"]

1. Nf3 d5 2. g3 Nf6 3. Bg2 c6 4. b3 Bf5 5. Bb2 Nbd7 6. O-O e6 7. d3 Be7 8. Nbd2 O-O 9. Re1 h6 10. e4 dxe4 11. dxe4 Bh7 12. e5 Nd5 13. a3 a5 14. Nd4 Qc7 15. Be4 Bxe4 16. Rxe4 Rad8 17. c4 N5b6 18. Qc2 Nxe5 19. Nxe6 Rxd2 20. Bxe5 Qxe5 21. Rxe5 Rxc2 22. Nxf8 Bxf8 23. Rxa5 Rc3 24. Rb1 Nd7 25. Ra7 Ne5 26. Rxb7 Bxa3 27. Ra1 Bc5 28. Ra8+ Kh7 29. Re8 Ng4 30. h3 Rxg3+ 31. Kf1 Rxh3 32. b4 Bxf2 33. Rxf7 Rh1+ 34. Kg2 Rg1+ 35. Kf3 Bh4 36. Rf6 Ne5+ 37. Ke2 Re1+ 38. Kd2 Nxc4+ 39. Kc3 Rc1+ 40. Kd3 Bxf6 41. Rc8 Ne5+ 42. Ke4 Kg6 43. b5 Rc4+ 44. Ke3 cxb5 0-1

[Event "Sparkassen-Open A"]
[Site "Heusenstamm, Martinsee"]
[Date "2025.11.22"]
[Round "5.52"]
[White "Berkes, Alexander"]
[Black "Faulhaber, Tobias"]
[Result "1-0"]
[WhiteElo "2043"]
[BlackElo "1906"]
[PlyCount "71"]
[EventDate "2025.11.20"]
[WhiteTeam "SK Langen"]
[BlackTeam "SC Schifferstadt"]

1. e4 e6 2. d4 d5 3. exd5 exd5 4. Nf3 Bd6 5. c4 Nf6 6. c5 Be7 7. Nc3 Bf5 8. Bd3 Qd7 9. Ne5 Qe6 10. Bxf5 Qxf5 11. Qb3 Nbd7 12. Nxd7 Qxd7 13. Qxb7 O-O 14. O-O Rfb8 15. Qa6 Rb4 16. Qd3 c6 17. b3 Ne8 18. Bd2 Rb7 19. Rfe1 Bf6 20. Bf4 Nc7 21. Be5 Bxe5 22. Rxe5 Ne6 23. Ne2 a5 24. f4 Qc7 25. Qe3 Nf8 26. Re8 Rxe8 27. Qxe8 Rb8 28. Qe5 Qb7 29. Ng3 Ng6 30. Qe3 Qd7 31. Re1 Kf8 32. f5 Ne7 33. f6 Ng6 34. Nh5 gxf6 35. Qh6+ Kg8 36. Qg7# 1-0

[Event "Sparkassen-Open A"]
[Site "Heusenstamm, Martinsee"]
[Date "2025.11.22"]
[Round "5.53"]
[White "Trumpp, Lothar"]
[Black "Stein, Marco"]
[Result "1/2-1/2"]
[WhiteElo "1938"]
[BlackElo "2059"]
[PlyCount "51"]
[EventDate "2025.11.20"]
[WhiteTeam "VSG 1880 Offenbach"]
[BlackTeam "SV Alsfeld"]

1. b3 e5 2. Bb2 Nc6 3. e3 Nf6 4. c4 Bd6 5. Ne2 O-O 6. Nbc3 Re8 7. Ng3 Bf8 8. d3 d5 9. cxd5 Nxd5 10. Be2 Be6 11. O-O Qh4 12. Nxd5 Bxd5 13. Nf5 Qg5 14. e4 Be6 15. Ng3 Bc5 16. Qc1 Qe7 17. Nf5 Bxf5 18. exf5 Nd4 19. Bxd4 Bxd4 20. Rb1 c6 21. Bf3 Qh4 22. Be4 Rad8 23. Qd1 Rd6 24. Qf3 Rh6 25. Qg3 Qe7 26. b4 1/2-1/2

[Event "Sparkassen-Open A"]
[Site "Heusenstamm, Martinsee"]
[Date "2025.11.22"]
[Round "5.54"]
[White "Waffenschmidt, Joachim"]
[Black "Fang, Borui"]
[Result "0-1"]
[WhiteElo "2024"]
[BlackElo "1902"]
[PlyCount "74"]
[EventDate "2025.11.20"]
[WhiteTeam "SV 1920 Hofheim"]
[BlackTeam "SV Oberursel"]

1. d4 d5 2. c4 c6 3. Nf3 Nf6 4. Qb3 e6 5. Bg5 Be7 6. e3 Nbd7 7. Nbd2 O-O 8. Bd3 Re8 9. O-O b6 10. Rfc1 Bb7 11. cxd5 exd5 12. a4 c5 13. Bxf6 Bxf6 14. dxc5 Nxc5 15. Rxc5 bxc5 16. Qxb7 Re7 17. Qa6 Rb8 18. Rd1 Bxb2 19. Bc2 g6 20. Qd3 Bg7 21. h4 Rd7 22. h5 Qf6 23. hxg6 hxg6 24. e4 Rbd8 25. e5 Qc6 26. Re1 c4 27. Qe2 Re7 28. Nd4 Qb6 29. N4f3 Rde8 30. Rb1 Qc7 31. Qd1 Bxe5 32. Nxe5 Rxe5 33. Nf3 Re2 34. g3 Qc5 35. Qd4 Qxd4 36. Nxd4 Rd2 37. Rd1 Rxd1+ 0-1

[Event "Sparkassen-Open A"]
[Site "Heusenstamm, Martinsee"]
[Date "2025.11.22"]
[Round "5.55"]
[White "Spiegelberg, Silvia"]
[Black "Woestmann, Ulrich"]
[Result "0-1"]
[WhiteElo "1929"]
[BlackElo "2042"]
[PlyCount "60"]
[EventDate "2025.11.20"]
[WhiteTeam "SF Sasbach e.V."]
[BlackTeam "SV Ahlen 1954 e. V."]

1. e4 c5 2. Nf3 d6 3. d4 cxd4 4. Nxd4 Nf6 5. Nc3 a6 6. f3 e5 7. Nb3 Be6 8. Be3 Be7 9. Qd2 O-O 10. O-O-O a5 11. Bb5 Na6 12. g4 Nc7 13. Ba4 b5 14. Bxb5 Nxb5 15. Nxb5 a4 16. Na1 Qb8 17. Nc3 Rc8 18. Nd5 Bxd5 19. exd5 Bd8 20. h4 Ra5 21. Bg5 Rb5 22. b3 axb3 23. Nxb3 Qa7 24. Kb2 Ba5 25. Qc1 Bc3+ 26. Kb1 Nxd5 27. a3 Bd4 28. Rd3 Nc3+ 29. Rxc3 Rxc3 30. Ka2 Rbxb3 0-1

[Event "Sparkassen-Open A"]
[Site "Heusenstamm, Martinsee"]
[Date "2025.11.22"]
[Round "5.56"]
[White "Kalepky, Helmut"]
[Black "Steigleder, Maximilian"]
[Result "0-1"]
[WhiteElo "1927"]
[BlackElo "2037"]
[PlyCount "118"]
[EventDate "2025.11.20"]
[WhiteTeam "Sfr.Heidesheim"]
[BlackTeam "Sfr.1932 Kelkheim"]

1. e4 c5 2. Nf3 d6 3. Bb5+ Bd7 4. Bxd7+ Qxd7 5. d3 Nc6 6. Nc3 g6 7. Be3 Bg7 8. d4 b6 9. Qd2 Nf6 10. h3 O-O 11. O-O Qb7 12. d5 Na5 13. b3 b5 14. Ne2 Qc7 15. Ng3 Rfc8 16. c3 Nb7 17. Rad1 a5 18. Rb1 b4 19. c4 a4 20. Qd3 axb3 21. axb3 Ra2 22. Rfe1 Nd7 23. Re2 Rca8 24. Rxa2 Rxa2 25. Ne2 Qa5 26. Nc1 Ra1 27. Qc2 Qa3 28. Ne1 Na5 29. Kf1 Ne5 30. Rxa1 Qxa1 31. f4 Nd7 32. Ncd3 Bd4 33. Ke2 Bxe3 34. Kxe3 Kg7 35. Qb2+ Qxb2 36. Nxb2 Kf6 37. Nbd3 e5 38. g3 exf4+ 39. gxf4 g5 40. Kf3 Kg6 41. Kg3 gxf4+ 42. Kxf4 Kf6 43. h4 h5 44. Kg3 Ne5 45. Nf4 Nexc4 46. Nxh5+ Ke5 47. bxc4 Nxc4 48. Kf3 Na3 49. Nd3+ Kd4 50. Nhf4 Nc4 51. h5 Nd2+ 52. Kg4 Nxe4 53. h6 Nf6+ 54. Kf5 Nh7 55. Nc1 c4 56. Nh5 b3 57. Nxb3+ cxb3 58. Nf6 b2 59. Nxh7 b1=Q+ 0-1

[Event "Sparkassen-Open A"]
[Site "Heusenstamm, Martinsee"]
[Date "2025.11.22"]
[Round "5.57"]
[White "Yasaswi Krishna Bommi"]
[Black "Artola Pola, Gerardo"]
[Result "1/2-1/2"]
[WhiteElo "1843"]
[BlackElo "1944"]
[PlyCount "96"]
[EventDate "2025.11.20"]
[WhiteTeam "Indien"]
[BlackTeam "Sabt Frankfurter TV 1860"]
[WhiteTeamCountry "IND"]

1. Nf3 Nf6 2. g3 g6 3. Bg2 Bg7 4. d3 d5 5. O-O O-O 6. Nbd2 Nc6 7. e4 e5 8. Re1 Re8 9. exd5 Nxd5 10. Nc4 a5 11. a4 b6 12. Ne3 Nxe3 13. Bxe3 Bb7 14. Nd2 Qd7 15. Nc4 Rad8 16. Bg5 f6 17. Bd2 Ba6 18. Na3 Nd4 19. Nb1 Qc8 20. Bc3 Bb7 21. Bxd4 Rxd4 22. Nc3 Bxg2 23. Kxg2 f5 24. Qf3 Qd7 25. Re2 c6 26. Rae1 b5 27. b3 Rb8 28. Re3 Qd6 29. Ne2 Rb4 30. Nc3 Qc5 31. Na2 Rd4 32. c3 Rdd8 33. b4 axb4 34. cxb4 Qc2 35. R3e2 Qxa4 36. Qxc6 Rbc8 37. Qe6+ Kh8 38. Qb6 Qa8+ 39. f3 Qd5 40. h4 Rd6 41. Qa7 Rd7 42. Qa5 Ra8 43. Nc3 Rxa5 44. Nxd5 Ra3 45. Rc2 Bh6 46. Rxe5 Rxd3 47. Nc7 Rd2+ 48. Rxd2 Bxd2 1/2-1/2

[Event "Sparkassen-Open A"]
[Site "Heusenstamm, Martinsee"]
[Date "2025.11.22"]
[Round "5.58"]
[White "Eichschmied, Patrick"]
[Black "Morgenroth, Fabian"]
[Result "1-0"]
[WhiteElo "1998"]
[BlackElo "1816"]
[PlyCount "61"]
[EventDate "2025.11.20"]
[WhiteTeam "MTV Ingolstadt"]
[BlackTeam "SC Turm Breuberg"]

1. e4 c5 2. Nf3 e6 3. g3 Nc6 4. Bg2 d5 5. exd5 exd5 6. d4 Nf6 7. O-O Be7 8. dxc5 Bxc5 9. Re1+ Be7 10. h3 O-O 11. Be3 Bf5 12. c3 h6 13. Nbd2 Qd7 14. Kh2 Rfe8 15. Nd4 Bg6 16. N2f3 a6 17. Nxc6 bxc6 18. Ne5 Qc7 19. Nxg6 fxg6 20. Qd3 g5 21. Bd4 a5 22. Qg6 Rf8 23. Re6 Rad8 24. Rae1 Rd7 25. Bf1 c5 26. Be5 Qa7 27. c4 dxc4 28. Bxc4 Kh8 29. Bxf6 Bxf6 30. Rxf6 Rxf6 31. Re8+ 1-0

[Event "Sparkassen-Open A"]
[Site "Heusenstamm, Martinsee"]
[Date "2025.11.22"]
[Round "5.59"]
[White "Michalski, Uwe"]
[Black "Bräutigam, Thomas"]
[Result "0-1"]
[WhiteElo "1800"]
[BlackElo "2016"]
[PlyCount "90"]
[EventDate "2025.11.20"]
[WhiteTeam "Sfr.Mainz 1928"]
[BlackTeam "SC 1957 Bad Königshofen e.V."]

1. e4 c5 2. Nf3 e6 3. c3 Nf6 4. d3 Nc6 5. Be2 Qc7 6. O-O d5 7. exd5 Nxd5 8. d4 cxd4 9. Nxd4 a6 10. Nxc6 bxc6 11. c4 Nf6 12. Nc3 Be7 13. Qc2 O-O 14. Be3 c5 15. Rad1 Bb7 16. Rd2 Rfd8 17. Rfd1 Rxd2 18. Rxd2 Bc6 19. b3 Qe5 20. g3 g5 21. Bf1 Ng4 22. Re2 Bf3 23. Re1 Qf6 24. Bg2 Ne5 25. Ne4 Qf5 26. Qb1 Bxg2 27. Kxg2 Rd8 28. Nxg5 Nd3 29. Rd1 Bxg5 30. Bxg5 Rd7 31. Be3 Qe4+ 32. Kf1 f5 33. Qc2 e5 34. Bc1 f4 35. Kg1 Rd4 36. Rf1 f3 37. Qd2 Nf4 38. Qe3 Nh3+ 39. Kh1 Qf5 40. Re1 e4 41. Rf1 Qd7 42. Re1 Rd1 43. Ba3 Qd3 44. Qc1 Rxc1 45. Bxc1 Nxf2+ 0-1

[Event "Sparkassen-Open A"]
[Site "Heusenstamm, Martinsee"]
[Date "2025.11.22"]
[Round "5.60"]
[White "Kutzner, Joachim"]
[Black "Reinhard, Ralf-Peter"]
[Result "1/2-1/2"]
[WhiteElo "1999"]
[BlackElo "1830"]
[PlyCount "160"]
[EventDate "2025.11.20"]
[WhiteTeam "SC Erkrath 1973"]
[BlackTeam "SC Chessence 64 e. V."]

1. e4 e6 2. d4 d5 3. Nd2 dxe4 4. Nxe4 Nd7 5. Nf3 Ngf6 6. Nxf6+ Nxf6 7. Be2 c5 8. O-O b6 9. a4 a6 10. c3 Be7 11. Ne5 Bb7 12. Bf3 Bxf3 13. Qxf3 Qd5 14. Qxd5 Nxd5 15. dxc5 Bxc5 16. Rd1 Rc8 17. Kf1 f6 18. Nd3 Ke7 19. Nf4 Nxf4 20. Bxf4 Rhd8 21. Rxd8 Rxd8 22. b4 Bd6 23. Be3 Rc8 24. Bd2 e5 25. Ke2 Ke6 26. Kd3 Kd5 27. Be3 e4+ 28. Kd2 Be5 29. Ra3 b5 30. axb5 axb5 31. Kc2 Kc4 32. Bd2 f5 33. Ra6 Kd5 34. Rb6 Rb8 35. Ra6 f4 36. Ra7 Rb6 37. Rd7+ Rd6 38. Rf7 Rh6 39. Bxf4 Bxf4 40. Rxf4 Rxh2 41. Rf5+ Kc6 42. Rg5 g6 43. Kd2 Rh1 44. Rc5+ Kb6 45. g3 Rf1 46. Ke2 Rc1 47. Ke3 Re1+ 48. Kd2 Rf1 49. Ke2 Rc1 50. g4 h6 51. Rc8 Rg1 52. Rb8+ Kc6 53. Rc8+ Kb6 54. Rh8 Rxg4 55. Rxh6 Kc6 56. Rh8 Kb6 57. Re8 Kc6 58. Re5 Rf4 59. Rc5+ Kb6 60. Rg5 Rf6 61. Ke3 Rf3+ 62. Kxe4 Rxc3 63. Rxg6+ Kc7 64. f4 Rc4+ 65. Ke5 Rxb4 66. f5 Kd7 67. Kf6 Rf4 68. Rg7+ Ke8 69. Rb7 Rf1 70. Rb8+ Kd7 71. Rxb5 Ke8 72. Rb8+ Kd7 73. Kg6 Ke7 74. Rb7+ Kf8 75. Kf6 Kg8 76. Rb8+ Kh7 77. Ke6 Kg7 78. Rb5 Rf2 79. Re5 Rf1 80. Re2 Rf3 1/2-1/2

[Event "Sparkassen-Open A"]
[Site "Heusenstamm, Martinsee"]
[Date "2025.11.22"]
[Round "5.61"]
[White "Meyer-Jany, Marcel"]
[Black "Höller, Armin"]
[Result "0-1"]
[WhiteElo "1826"]
[BlackElo "1973"]
[PlyCount "58"]
[EventDate "2025.11.20"]
[WhiteTeam "SC Mattmeister Karben 1998 e.V."]
[BlackTeam "SK Weilheim e.V."]

1. d4 e6 2. c4 f5 3. g3 Nf6 4. Bg2 d5 5. b3 Bb4+ 6. Bd2 Bd6 7. Nf3 O-O 8. O-O Ne4 9. Bc1 c5 10. cxd5 exd5 11. dxc5 Bxc5 12. Bb2 f4 13. Bd4 fxg3 14. hxg3 Bd6 15. Nbd2 Nc6 16. Bb2 Nf6 17. Nd4 Bg4 18. N2f3 a6 19. Rc1 Qd7 20. a3 Rae8 21. b4 Ne4 22. Nxc6 bxc6 23. Nd4 Nxg3 24. fxg3 Rxf1+ 25. Qxf1 Bxg3 26. Bc3 Qe7 27. Be1 Qe3+ 28. Bf2 Bxf2+ 29. Qxf2 Qxc1+ 0-1